Christina Aguilera Charting Songs (Billboard Hot 100) - Statistics

General Stats
  • This quiz has been taken 116 times
  • The average score is 19 of 30
Answer Stats
Album Weeks On Peak Artist(s) Song % Correct
Christina Aguilera 25 Weeks #1 (5 Weeks) Christina Aguilera Genie in a Bottle
95%
Stripped 27 Weeks #2 Christina Aguilera Beautiful
94%
The Voice Season 1 1 Week #74 Christina Aguilera & Beverly McClellan Beautiful
94%
Hands All Over 49 Weeks #1 (4 Weeks) Maroon 5 ft. Christina Aguilera Moves Like Jagger
94%
Moulin Rouge! 20 Weeks #1 (1 Week) Christina Aguilera, Lil' Kim, Mya & Pink Lady Marmalade
91%
Stripped 20 Weeks #48 Christina Aguilera ft. Redman Dirrty
85%
Is There Anybody Out There? 26 Weeks #4 A Great Big World & Christina Aguilera Say Something
85%
Back to Basics 20 Weeks #6 Christina Aguilera Ain't No Other Man
80%
Back to Basics 17 Weeks #25 Christina Aguilera Candyman
78%
Christina Aguilera 24 Weeks #1 (2 Weeks) Christina Aguilera What a Girl Wants
77%
Stripped 20 Weeks #20 Christina Aguilera Fighter
70%
Christina Aguilera 21 Weeks #1 (4 Weeks) Christina Aguilera Come On Over Baby (All I Want Is You)
68%
Back to Basics 20 Weeks #19 Christina Aguilera Hurt
67%
Stripped 20 Weeks #12 Christina Aguilera ft. Lil' Kim Can't Hold Us Down
63%
Global Warming 24 Weeks #8 Pitbull ft. Christina Aguilera Feel This Moment
63%
Christina Aguilera 22 Weeks #3 Christina Aguilera I Turn To You
63%
Keeps Gettin' Better: A Decade of Hits 18 Weeks #7 Christina Aguilera Keeps Gettin' Better
61%
Lotus 9 Weeks #34 Christina Aguilera Your Body
59%
Bionic 8 Weeks #23 Christina Aguilera Not Myself Tonight
56%
Shark Tale 5 Weeks #63 Christina Aguilera ft. Missy Elliott Car Wash
53%
Sound Loaded 20 Weeks #13 Ricky Martin Duet with Christina Aguilera Nobody Wants To Be Lonely
53%
Stripped 16 Weeks #33 Christina Aguilera The Voice Within
48%
Bionic 1 Week #66 Christina Aguilera Bionic
43%
Bionic 2 Weeks #79 Christina Aguilera ft. Nicki Minaj Woohoo
39%
Burlesque 1 Week #70 Christina Aguilera Show Me How You Burlesque
37%
Lotus 2 Weeks #71 Christina Aguilera with Blake Shelton Just a Fool
34%
Press Play 20 Weeks #47 Diddy ft. Christina Aguilera Tell Me
30%
Sweat 6 Weeks #58 Nelly & Christina Aguilera Tilt Ya Head Back
29%
My Kind of Christmas 4 Weeks #18 Christina Aguilera The Christmas Song (Chestnuts Roasting On An Open Fire)
24%
The Voice Season 2 1 Week #85 Christina Aguilera & Chris Mann The Prayer
22%
No matching quizzes found
Score Distribution
Percent of People with Each Score
Percentile by Number Answered
Your Score History
You have not taken this quiz